000 00757nam a2200241Ia 4500
003 OSt
005 20220923224409.0
006 a|||||r|||| 00| 0
007 ta
008 Pun
024 _a231,951
037 _cTextual
040 _aARTS
_cARTS
_bPun
041 _2Pun
_aPun
082 _aO153:g(X:3M24), M5
100 _aਭੱਟੀ, ਸੁਰਜੀਤ ਸਿੰਘ
245 0 _aਮਾਰਕਸਵਾਦੀ ਪੰਜਾਬੀ ਆਲੋਚਨਾ
260 _aਚੰਡੀਗੜਸ਼
_b ਪੰਜਾਬ ਪ੍ਰਕਾFਨ
_c1986
300 _a220ਪੰ
_ccm.
650 _aਪੰਜਾਬੀ ਸਾਹਿਤ
942 _hO153:g(X:3M24), M5
_cTEXL
_2CC
999 _c371159
_d371159